书目信息 |
| 题名: |
逻辑代数
|
|
| 作者: | 刘靖宇编9 著 | |
| 分册: | ||
| 出版信息: | 南京 1983 |
|
| 页数: | 181页 | |
| 开本: | 19cm | |
| 丛书名: | ||
| 单 册: | ||
| 中图分类: | O153.2 , TP301 , G633.6 | |
| 科图分类: | ||
| 主题词: | 布尔代数 , 电子计算机--基础理论 , 教育--各级 | |
| 电子资源: | ||
| ISBN: | ||
| 000 | 00657nam0 2200253 45 | |
| 001 | 1558090768 | |
| 005 | 20150207094918.48 | |
| 091 | @aCN@b7100.262 | |
| 100 | @a19950523d1983 em y0chiy0121 ea | |
| 101 | 0 | @achi |
| 105 | @ay z 000yy | |
| 200 | 10 | @a逻辑代数@Aluo ji dai shu@f刘靖宇编9著@Fliu jing yu bian 9 zhu |
| 210 | @a南京@c@d1983 | |
| 215 | @a181页@d19cm | |
| 606 | @a布尔代数 | |
| 606 | @a电子计算机@x基础理论 | |
| 606 | 0 | @a教育@x各级 |
| 690 | @aO153.2@v3 | |
| 690 | @aTP301@v3 | |
| 690 | @aG633.6@v4 | |
| 701 | 0 | @a刘靖宇编9@Aliu jing yu bian 9@4著 |
| 801 | 0 | @aCN@bTSSF@c20150207 |
| 801 | 2 | @aCN@bNLC |
| 905 | @aZUCC@dG633.6@eJY115 | |
| 逻辑代数/刘靖宇编9著.-南京,1983 |
| 181页;19cm |
| ISBN : |
| ● |
| 相关链接 |
|
|
|
|
正题名:逻辑代数
索取号:G633.6/JY115
 
预约/预借
| 序号 | 登录号 | 条形码 | 馆藏地/架位号 | 状态 | 备注 |
| 1 | 7838227 | 278382279 | 学院路分馆/ [索取号:G633.6/JY115] | 在馆 |